| 000 | 00711nam a22002297a 4500 | ||
|---|---|---|---|
| 005 | 20150227152237.0 | ||
| 010 | _aBAC-EN21 ENG-111854 | ||
| 020 |
_a9788126531356 _c609.00 |
||
| 035 | _aEN-95386 | ||
| 037 |
_bAsian Book Centre/Ven _adpl |
||
| 037 | _bDBAD/PUB | ||
| 082 | _a621.00151 | ||
| 100 | _aKreyszig, Erwin | ||
| 245 |
_aAdvanced engineering mathematics / _cby Erwin Kreyszig |
||
| 250 | _a9th ed | ||
| 260 |
_aNew Delhi _bJohn Wiley _c(201?) |
||
| 270 |
_a4435/7, Ansari Road, Darya Ganj _bNew Delhi _e110002 |
||
| 300 |
_axvii,1094p.: _c24cm(pbk) _bill. |
||
| 500 | _aIncludes index | ||
| 942 |
_2ddc _cEN _h621.00151 _mKRE |
||
| 999 |
_c88667 _d88667 |
||